Taylor Swift - Chansons commençant par P - Statistiques

Statistiques générales
  • Ce quiz a été pris 499 fois
    424 depuis la dernière actualisation
  • Le résultat moyen est 6 sur 8
Statistiques - réponses
P % Correct
Paper Rings
84%
Paris
83%
Peter
82%
The Prophecy
71%
peace
68%
Picture To Burn
65%
A Place in This World
57%
A Perfectly Good Heart
49%
Aucun quiz correspondant
Distribution des résultats
% des personnes avec chaque résultat
Percentile par nombre de réponses
Votre historique - résultats
Vous n’avez pas pris ce quiz depuis la dernière actualisation